Consideraciones acerca de los establecimientos y minas del Estado / (Record no. 98405)

MARC details
000 -LEADER
campo de control de longitud fija 01139nam a2200241 i 4500
001 - NÚMERO DE CONTROL
campo de control 98405
003 - IDENTIFICADOR DE NÚMERO DE CONTROL
campo de control ES-MaACL
005 - FECHA Y HORA DE LA ÚLTIMA TRANSACCIÓN
campo de control 20231224062926.0
007 - CAMPO FIJO DE DESCRIPCIÓN FÍSICA--INFORMACIÓN GENERAL
campo de control de longitud fija t|
008 - DATOS DE LONGITUD FIJA--INFORMACIÓN GENERAL
campo de control de longitud fija 050819s1868 sp |||| | spa d
080 ## - NÚMERO DE LA CLASIFICACIÓN DECIMAL UNIVERSAL
Número de la Clasificación Decimal Universal 622(460)"18"
100 1# - ENTRADA PRINCIPAL--NOMBRE DE PERSONA
Nombre de persona Botella y de Hornos, Federico de,
Fechas asociadas al nombre 1822-1899
9 (RLIN) 30760
245 10 - MENCIÓN DEL TÍTULO
Título Consideraciones acerca de los establecimientos y minas del Estado /
Mención de responsabilidad, etc. por Federico de Botella.
260 ## - PUBLICACIÓN, DISTRIBUCIÓN, ETC.
Lugar de publicación, distribución, etc. Madrid :
Nombre del editor, distribuidor, etc. [s.n.],
Fecha de publicación, distribución, etc. 1868 (
Fabricante Estab. Tip. de J.M. Lapuente)
300 ## - DESCRIPCIÓN FÍSICA
Extensión 25 p. ;
Dimensiones 28 cm.
650 #4 - PUNTO DE ACCESO ADICIONAL DE MATERIA--TÉRMINO DE MATERIA
Término de materia o nombre geográfico como elemento de entrada Minas-
Subdivisión geográfica España-
Subdivisión cronológica S.XIX.
9 (RLIN) 149138
852 4# - LOCALIZACIÓN
Ubicación ES-MaACL
Número de control de estantería T-1292-F-4
Nota libre - Donativo Bosch
852 4# - LOCALIZACIÓN
Ubicación ES-MaACL
Número de control de estantería T-111-F-1
852 4# - LOCALIZACIÓN
Ubicación ES-MaACL
Número de control de estantería T-151-F-10
852 4# - LOCALIZACIÓN
Ubicación ES-MaACL
Número de control de estantería B-8926(3)
Nota libre Enc. en un vol. facticio, agrupado con el nombre en el lomo: España, geología, memorias y documentos varios 20 al 40
-- - Legado de Federico de Botella y de Hornos
852 4# - LOCALIZACIÓN
Ubicación ES-MaACL
Número de control de estantería L-32448(10)
Nota libre - Enc. cart.
-- - Enc. en un vol. facticio, con tít. en el lomo de: España, geología: memorias varias, 1
-- - Legado Federico de Botella y de Hornos
Holdings
Estatus retirado Estado de pérdida Estado de daño No para préstamo Colección Biblioteca de origen Biblioteca actual Ubicación en estantería Fecha de adquisición Fuente de adquisición Total de préstamos Signatura topográfica completa Código de barras Visto por última vez Precio de reemplazo Tipo de ítem Koha
        Colección de folletos Biblioteca del Ateneo de Madrid Biblioteca del Ateneo de Madrid Depósito folletos 03/12/2014     T-151-F-10 1193417 23/02/2023 23/02/2023 Folleto
        Colección de folletos Biblioteca del Ateneo de Madrid Biblioteca del Ateneo de Madrid Depósito folletos 17/01/2008     T-1292-F-4 1102727 23/02/2023 23/02/2023 Folleto
        Colección de folletos Biblioteca del Ateneo de Madrid Biblioteca del Ateneo de Madrid Depósito folletos 10/09/2014     T-111-F-1 1193037 23/02/2023 23/02/2023 Folleto
        Libros del s. XIX Biblioteca del Ateneo de Madrid Biblioteca del Ateneo de Madrid Depósito 2 20/06/2019     L-32448(10) 1200888 23/02/2023 23/02/2023 Libro impreso antiguo
        Libros del s. XIX Biblioteca del Ateneo de Madrid Biblioteca del Ateneo de Madrid Sala Pardo Bazán 22/05/2019     B-8926(3) 1200567 23/02/2023 23/02/2023 Libro impreso antiguo